UM Logo

4th Grade Pupil's Performance on a Mother-Tongue Based Mathematics Assessment/ (Record no. 14871)

MARC details
000 -LEADER
fixed length control field 00662nam a22001697a 4500
008 - FIXED-LENGTH DATA ELEMENTS--GENERAL INFORMATION
fixed length control field 200123b ||||| |||| 00| 0 eng d
082 ## - DEWEY DECIMAL CLASSIFICATION NUMBER
Edition number 2019
Classification number UT 1414
Item number F39
100 ## - MAIN ENTRY--PERSONAL NAME
Personal name Fernandez, Zamerd A.
9 (RLIN) 41280
245 ## - TITLE STATEMENT
Title 4th Grade Pupil's Performance on a Mother-Tongue Based Mathematics Assessment/
Statement of responsibility, etc. Zamerd A.Fernandez, Marielle Faye C. Giangan & Novelyn C. Sumaco
260 ## - PUBLICATION, DISTRIBUTION, ETC. (IMPRINT)
Place of publication, distribution, etc. Digos City
Name of publisher, distributor, etc. UMDC
Date of publication, distribution, etc. December 2019
300 ## - PHYSICAL DESCRIPTION
Extent 35 pages
Dimensions 30 cm
650 ## - SUBJECT ADDED ENTRY--TOPICAL TERM
Topical term or geographic name as entry element Teacher Education
Form subdivision Elementary
General subdivision Undergraduate Thesis
9 (RLIN) 41208
700 ## - ADDED ENTRY--PERSONAL NAME
Personal name Fernandez,Zamerd A.
9 (RLIN) 41281
700 ## - ADDED ENTRY--PERSONAL NAME
Personal name Giangan, Marielle Faye C.
9 (RLIN) 41282
700 ## - ADDED ENTRY--PERSONAL NAME
Personal name Sumaco,Novelyn C.
9 (RLIN) 41283
942 ## - ADDED ENTRY ELEMENTS (KOHA)
Source of classification or shelving scheme Dewey Decimal Classification
Koha item type Undergraduate Thesis
Holdings
Withdrawn status Lost status Source of classification or shelving scheme Damaged status Not for loan Collection code Home library Current library Date acquired Total Checkouts Full call number Barcode Date last seen Price effective from Koha item type
    Dewey Decimal Classification     Undergraduate Theses UM Digos College - LIC UM Digos College - LIC 01/22/2020   UT 1414 F39 2019 UT 1414 01/23/2020 01/23/2020 Undergraduate Thesis